SEVEN SINS OF WALL STREET BIG BANKS THEI (Record no. 28384)

MARC details
000 -LEADER
fixed length control field 00352nam a2200133Ia 4500
008 - FIXED-LENGTH DATA ELEMENTS--GENERAL INFORMATION
fixed length control field 240624s9999 xx 000 0 und d
041 ## - LANGUAGE CODE
Language code of text/sound track or separate title eng
082 ## - DEWEY DECIMAL CLASSIFICATION NUMBER
Classification number 332.0973 IVR
100 ## - MAIN ENTRY--PERSONAL NAME
Personal name IVRY BOB
245 ## - TITLE STATEMENT
Title SEVEN SINS OF WALL STREET BIG BANKS THEI
260 ## - PUBLICATION, DISTRIBUTION, ETC.
Date of publication, distribution, etc. 2014
Place of publication, distribution, etc. New York
Name of publisher, distributor, etc. Public Affairs
300 ## - PHYSICAL DESCRIPTION
Extent xxiii, : 275 : p. : cm. ; 24
365 ## - TRADE PRICE
Currency code
Price amount 38
Holdings
Withdrawn status Lost status Damaged status Not for loan Home library Current library Shelving location Date acquired Source of acquisition Cost, normal purchase price Total Checkouts Full call number Barcode Date due Date last seen Date last checked out Copy number Price effective from Koha item type
        IMTN IMTN Rack 9-A 12/20/2016 BKI 25.95 2 332.0973 IVR 28384 01/27/2026 01/17/2026 01/17/2026 71.3 06/24/2024 Books
Designed & Maintained by: LRC IMT Nagpur Contact: lrc@imtnag.ac.in© 2024. All Rights Reserved.